书目信息 |
| 题名: |
电子技术基础
|
|
| 作者: | 张桂芬 主编 ;郭根芳 , 周许培 , 庞瑞霞 编 | |
| 分册: | ||
| 出版信息: | 北京 人民邮电出版社 2005.06 |
|
| 页数: | 288页 | |
| 开本: | 26cm | |
| 丛书名: | 21世纪高职高专通信教材 | |
| 单 册: | ||
| 中图分类: | TN01 | |
| 科图分类: | ||
| 主题词: | 电子技术--dian zi ji shu--技术学校--教材 | |
| 电子资源: | ||
| ISBN: | 7-115-13356-5 | |
| 000 | 01237nam 2200289 450 | |
| 001 | 012006968215 | |
| 005 | 20060626110818.34 | |
| 010 | @a7-115-13356-5@dCNY25.00 | |
| 100 | @a20060614d2005 km y0chiy0120 ea | |
| 101 | 0 | @achi |
| 102 | @aCN@b110000 | |
| 105 | @aa a 000yy | |
| 200 | 1 | @a电子技术基础@Adian zi ji shu ji chu@f张桂芬主编@Fzhang gui fen zhu bian@g郭根芳, 周许培, 庞瑞霞编@Gguo gen fang,zhou xu pei,pang rui xia bian |
| 210 | @a北京@c人民邮电出版社@d2005.06 | |
| 215 | @a288页@c图@d26cm | |
| 225 | 2 | @a21世纪高职高专通信教材@A21 shi ji gao zhi gao zhuan tong xin jiao cai |
| 320 | @a有书目。 | |
| 330 | @a本书主要介绍常用电子器件、信号放大电路、放大电路中的反馈、集成运算放大器、功率放大电路、信号产生电路、直流稳压电源、数字电路基础知识、门电路、组合逻辑电路、时充逻辑电路、脉冲波形的产生与变换、半导体存储器及其可编程器件以及常用模拟、数字集成电路及其简单的应用。 | |
| 410 | 0 | @12001 @a21世纪高职高专通信教材 |
| 606 | 0 | @a电子技术@Adian zi ji shu@x技术学校@j教材 |
| 690 | @aTN01@v4 | |
| 701 | 0 | @a张桂芬@Azhang gui fen@4主编 |
| 702 | 0 | @a郭根芳@Aguo gen fang@4编 |
| 702 | 0 | @a周许培@Azhou xu pei@4编 |
| 702 | 0 | @a庞瑞霞@Apang rui xia@4编 |
| 801 | 0 | @aCN@bQSSK@c20060626 |
| 905 | @a10447@dTN01@eZ101 | |
| 电子技术基础/张桂芬主编/郭根芳, 周许培, 庞瑞霞编.-北京:人民邮电出版社,2005.06 |
| 288页:图;26cm.-(21世纪高职高专通信教材) |
| ISBN 7-115-13356-5:CNY25.00 |
| 本书主要介绍常用电子器件、信号放大电路、放大电路中的反馈、集成运算放大器、功率放大电路、信号产生电路、直流稳压电源、数字电路基础知识、门电路、组合逻辑电路、时充逻辑电路、脉冲波形的产生与变换、半导体存储器及其可编程器件以及常用模拟、数字集成电路及其简单的应用。 |
| ● |
| 相关链接 |
|
|
|
正题名:电子技术基础
索取号:TN01/Z101
 
预约/预借
| 序号 | 登录号 | 条形码 | 馆藏地/架位号 | 状态 | 备注 |
| 1 | 587683 | 205876836 | 自科库301/404自科库 11排3列4层/ [索取号:TN01/Z101] | 在馆 | |
| 2 | 587684 | 205876845 | 自科库301/301自科库 24排1列4层/ [索取号:TN01/Z101] | 在馆 | |
| 3 | 587685 | 205876854 | 自科库301/301自科库 24排1列4层/ [索取号:TN01/Z101] | 在馆 |